000 00257nam a2200109Ia 4500
008 190919s9999||||xx |||||||||||||| ||und||
100 _aPeter Hintereder
245 0 _aFacts About Germany
260 _aNew York
_bWorkman
_c2000
300 _a411
942 _cBK
999 _c10629
_d10629